Análisis de la reconstrucción del puente sobre el Río La Estrella
Guardado en:
| Hovedforfatter: | |
|---|---|
| Format: | Bog |
| Udgivet: |
San José, Costa Rica
1992
|
| Fag: | |
| Tags: |
Tilføj Tag
Ingen Tags, Vær først til at tagge denne postø!
|
MARC
| LEADER | 00000nam a2200000Ia 4500 | ||
|---|---|---|---|
| 003 | 005348 | ||
| 005 | 20221231144324.0 | ||
| 008 | 140114s1992 cr a 000 0 s d | ||
| 040 | |c cru CEDI | ||
| 090 | |a TFG 2551 | ||
| 100 | |a Rojo de la Fuente, Alexander |9 12504 | ||
| 245 | |a Análisis de la reconstrucción del puente sobre el Río La Estrella | ||
| 260 | |c 1992 |a San José, Costa Rica | ||
| 300 | |a 163, [171] hojas : ilustraciones ; 28 cm. | ||
| 500 | |a Proyecto de graduación (licenciatura en ingeniería civil)--Universidad de Costa Rica. Facultad de Ingeniería. Escuela de Ingeniería Civil | ||
| 650 | |x RIO LA ESTRELLA (COSTA RICA) - PUENTES |x TERREMOTOS - COSTA RICA |x PUENTES - MANTENIMIENTO Y REPARACION |9 12505 | ||
| 942 | |c TFG | ||
| 999 | |c 20131 |d 20131 | ||
